Arqueología histórica en América del Sur: los desafíos del siglo XXI

Guardat en:
Dades bibliogràfiques
Autors principals: Funari, Pedro Paulo A (Autor), Zarankin, Andrés (Autor)
Format: Llibre
Idioma:espanyol
Publicat: Bogotá Universidad de los Andes 2004
Edició:1a. ed
Matèries:
Etiquetes: Afegir etiqueta
Sense etiquetes, Sigues el primer a etiquetar aquest registre!

MARC

LEADER 00000nam a2200000 a 4500
001 UCI5671
003 CL-VaPUC
008 080404e20040000CK |||||||||||||||||spa|d
020 |a 9586951324 
082 0 4 |a 980.1  |b FUN  |2 21 
100 0 |a Funari, Pedro Paulo A  |e author  |9 528219 
700 0 |a Zarankin, Andrés  |e author  |9 528220 
245 1 0 |a Arqueología histórica en América del Sur: los desafíos del siglo XXI 
250 |a 1a. ed 
300 |a 144 p 
942 |c BK 
945 |d 20080404 00:00:00  |a jtorresc 
260 |a Bogotá  |b Universidad de los Andes  |c 2004 
650 0 |a Arqueología   |9 265619 
650 0 |a Civilizaciones antiguas  |9 265998 
651 0 |a América del Sur  |9 260128 
583 |a last modification  |c 20080404 00:00:00  |k Rodrigo Vera 
999 |c 329392  |d 329390 
952 |0 0  |1 0  |4 0  |6 980_100000000000000_FUN_2004  |7 0  |8 A  |9 413992  |a BIBHIS  |b BIBHIS  |d 2019-11-22  |i 4424085  |o 980.1 FUN 2004  |p 4424085  |r 2025-01-20  |w 2019-11-22  |y BK  |k HIS